000 00838nas a2200277 4500
001 BR2016005018
003 BR-BrBNA
005 20231205130736.0
007 ta
008 230509b bl.|||p| |||| 00| 00por d
040 _aBR-BrBNA
_bpor
_cBiblioteca Nacional de Agricultura
041 _a(Pt)
072 _aE70; Q02
100 1 _aChemin, M.P.
100 1 _aGräff, T.B.A.
245 1 _aTeor de lipídeos em sorvetes de diferentes marcas, comercializados no Rio Grande do Sul
650 _aSORVETE
650 _aCOMPOSIÇÃO QUÍMICA
650 _aGORDURA
650 _aCOMERCIALIZAÇÃO
650 _aROTULAGEM
650 _aCONSUMIDOR
773 0 _tHigiene Alimentar (Brazil)
_xISSN 0101-9171
_g(Oct-Dec 2016), v. 30(260-261) p. 85-89
_wBR2016005018
909 _a202311
_bLúcia
_c55
_dLúcia Elande
942 _2AGRIS
_n0
_cANA
999 _c250957
_d250957